000 00839nam a22002057a 4500
999 _c16738
_d16738
003 AR-CdUCM
008 190506b ||||| |||| 00| 0 spa d
040 _aMUNICIPALIDAD PROVINCIAL DEL CUSCO
_cBIBLIOTECA MUNICIPAL DEL CUSCO
082 _a345.726 /
_bAL45
100 _aAlsina, Hugo
_911434
245 _aLas nulidades en el procesal civil /
260 _aBuenos Aires :
_bJurídicas Europa-América,
_c1958.
300 _a132 páginas ;
_c16 cm.
440 _aBreviarios de derecho ;
_n13
_936354
505 _aContenido: Concepto y función de las formas procesales -- Necesidad de las formas procesales -- Regulación de las formas procesales -- Consecuencias de la violación de las formas...
650 _aProceso de nulidad
_936355
650 _aDerecho procesal civil
_927080
942 _2ddc
_cLIBROS
945 _aacv
_d2019-05-06